Loading...
| Fine Arts - Classical Music | 0 | 7 | 1 | 0 | 65 | 87 | 127.43 | 0 | 0 |
| Fine Arts - Other Fine Arts | 0 | 5 | 0 | 0 | 50 | 51 | 99.20 | 0 | 1 |
| Mythology | 0 | 5 | 0 | 0 | 50 | 45 | 115.40 | 1 | 1 |
| History - Other History | 0 | 4 | 0 | 2 | 40 | 118 | 137.00 | 0 | 0 |
| Literature - European Literature | 0 | 4 | 1 | 1 | 35 | 133 | 144.75 | 0 | 0 |
| History - European History | 0 | 3 | 0 | 2 | 30 | 132 | 139.33 | 0 | 0 |
| History - World History | 0 | 3 | 0 | 2 | 30 | 127 | 141.67 | 0 | 0 |
| Literature - British Literature | 0 | 3 | 0 | 0 | 30 | 84 | 116.00 | 0 | 1 |
| Science - Biology | 0 | 2 | 0 | 0 | 20 | 125 | 131.50 | 0 | 0 |
| Science - Other Science | 0 | 2 | 0 | 0 | 20 | 52 | 92.00 | 0 | 1 |
| Literature - World Literature | 0 | 2 | 0 | 1 | 20 | 100 | 130.00 | 0 | 0 |
| Literature - American Literature | 0 | 2 | 1 | 0 | 15 | 128 | 137.00 | 0 | 0 |
| Fine Arts - Painting & Sculpture | 0 | 2 | 1 | 0 | 15 | 147 | 160.00 | 0 | 0 |
| History - American History | 0 | 1 | 0 | 0 | 10 | 124 | 124.00 | 0 | 0 |
| Science - Physics | 0 | 1 | 0 | 0 | 10 | 149 | 149.00 | 0 | 0 |
| Social Science | 0 | 1 | 1 | 1 | 5 | 133 | 133.00 | 0 | 0 |
| Other Academic | 0 | 1 | 1 | 1 | 5 | 141 | 141.00 | 0 | 0 |
| Philosophy | 0 | 1 | 1 | 0 | 5 | 106 | 106.00 | 0 | 0 |
| Religion | 0 | 1 | 1 | 0 | 5 | 101 | 101.00 | 0 | 0 |
| Science - Chemistry | 0 | 1 | 1 | 0 | 5 | 132 | 132.00 | 0 | 0 |
| Current Events | 0 | 1 | 2 | 1 | 0 | 139 | 139.00 | 0 | 0 |
| Geography | 0 | 0 | 1 | 0 | -5 | 0.00 | 0 | 0 |